Score 0/16 Timer 04:00
5 Plays Today
% Correct
banana
91.2%
watermelon
90.6%
passionfruit
90.3%
grapefruit
89.8%
pear
89.8%
apple
88.3%
coconut
83.6%
lemon
80%
% Correct
plum
70.9%
pineapple
65.5%
raspberry
61.9%
strawberry
59%
grape
53.4%
cherry
49.8%
peach
45.9%
orange
35%

You're not logged in!

Compare scores with friends on all Sporcle quizzes.
OR
Log In

Sporcle TV

Today on Sporcle TV


Watch our educational content, quiz creation guides, and fun videos on Sporcle TV.

Show Comments

Extras

Top Quizzes Today


Score Distribution

Paid Content

Your Account Isn't Verified!

In order to create a playlist on Sporcle, you need to verify the email address you used during registration. Go to your Sporcle Settings to finish the process.

Report this User

Report this user for behavior that violates our Community Guidelines.

Details: